000 00905nam a22003017a 4500
001 5130
003 FISKH
005 20250827090806.0
008 241107b cb ||||| |||| 00| 0 eng d
020 _a0590474863
040 _aFISKH
_beng
_cFISKH
_dFISKH
050 _aQB46.G42
082 _a520
100 _aGibbons, Gail
_d(1944-)
245 _aStargazers /
_cGail Gibbons
250 _aFirst printing in 1994
260 _aNew York :
_bScholastic,
_c1994.
300 _a27 pages :
_bcolor illustrations ;
_c21 cm
505 _aP
520 _aTells what stars are, why they twinkle, how constellations were named, how telescopes are used to study stars, and more.
521 8 _a640
_bLexile
521 8 _aP
_bRaz-Plus
650 _2Non-fiction
_aConstellations
_vScience
650 _2Space
_aStars
700 _aGibbons, Gail
_dIllustrator
942 _2ddc
_cBK
_n0
999 _c5130
_d5130